| 000 | 00375nam a2200145Ia 4500 | ||
|---|---|---|---|
| 008 | 240624s9999 xx 000 0 und d | ||
| 041 | _aeng | ||
| 082 | _a519.2 ROH | ||
| 100 | _aROHATGI VIJAY K | ||
| 245 | _aINTRODUCTION TO PROBABILITY AND STATISTI | ||
| 250 | _a(2nd ed.) | ||
| 260 |
_c2007 _aNew Delhi _bWiley India |
||
| 300 | _axv, , 716 , 25 , p. , cm. | ||
| 365 |
_c _b30 |
||
| 999 |
_c6799 _d6799 |
||